The finances of engineering companies : an introduction for students and practicing engineers
Αποθηκεύτηκε σε:
| Κύριος συγγραφέας: | |
|---|---|
| Μορφή: | Βιβλίο |
| Γλώσσα: | English |
| Δημοσίευση: |
London :
Edward Arnold,
c1992.
|
| Θέματα: | |
| Ετικέτες: |
Προσθήκη ετικέτας
Δεν υπάρχουν, Καταχωρήστε ετικέτα πρώτοι!
|
MARC
| LEADER | 00000cam a2200000 a 4500 | ||
|---|---|---|---|
| 001 | 1/115659 | ||
| 008 | 180116s1992####enk| ||| |||| ||eng|| | ||
| 020 | |a 0340568283 | ||
| 040 | |a GR-MyUa |b gre |c GR-MyUa |e AACR2 | ||
| 041 | 0 | |a eng | |
| 082 | 7 | |a 620.00681 |2 (23) | |
| 100 | 1 | |a Reynolds, A. J. | |
| 245 | 1 | 4 | |a The finances of engineering companies : |b an introduction for students and practicing engineers / |c A.J. Reynolds. |
| 260 | |a London : |b Edward Arnold, |c c1992. | ||
| 300 | |a vi, 168 σ. ; |c 24 εκ. | ||
| 504 | |a Περιλαμβάνει βιβλιογραφικές παραπομπές (σ. [160]) και ευρετήρια. | ||
| 650 | 0 | |a Engineering |x Accounting. | |
| 650 | 0 | |a Engineering firms |x Finance. | |
| 852 | |a INST |b SYROS |e 20180116 |h 620.00681 REY |p 005500013269 |q 005500013269 |t BK |y 0 | ||
| 970 | |a Κοντού |b Παρασκευή |z 16/01/2018 | ||